000 00619nam a2200169 i 4500
001 141261
003 ES-MaACL
005 20230906200246.0
007 t|
008 070920s1947 sp ||||1| spa d
100 1 _aVives, José (
_d1888-1978)
_9169850
245 1 0 _aEsquemas de metodología histórico-eclesiástica /
_cpor José Vives.
260 _aBarcelona :
_bConsejo Superior de Investigaciones Científicas, Instituto P. Enrique Flórez,
_c1947.
300 _a84 p. :
_bil. ;
_c25 cm.
710 2 _aInstituto de Historia Eclesiástica "Padre Enrique Flórez"
_94954
852 _aES-MaACL
_j1858-F-14
_bR.23338
999 _c141261
_d141261